000 00335nam a2200145Ia 4500
008 100122s9999 xx 000 0 und d
082 _b60804
_a823.08
100 _aBLYTON ENID
245 _aANYTIME TALES
260 _bPURNELL BOOKS
_c1972
300 _a156
630 _aANYTIME TALES
730 _aANYTIME TALES
942 _cBOOK
999 _c378068
_d378065